| 000 | 00557nam a2200193Ia 4500 | ||
|---|---|---|---|
| 005 | 20250508165854.0 | ||
| 008 | 008 250505s9999 xx 000 0 hin d | ||
| 020 | _a978-81-908888-1-3 | ||
| 037 | _aReference | ||
| 040 |
_aFEDL _beng _cFEDL |
||
| 041 |
_ahin _2eng |
||
| 084 |
_a305.42, BAC/RR _qFEDL |
||
| 245 | 0 | _aBachelor of education (B.Ed): Paper 6: Gender, school aur samaj. 3 Unit | |
| 260 | _c2018 | ||
| 490 | _vBhag- 1 | ||
| 546 | _aLekh- Sangrah (Photocopies) | ||
| 942 |
_cREF _h305.42, BAC/RR |
||
| 999 |
_c1397918 _d1397918 |
||